Poems of Carew, Suckling, Lovelace, and Herbert : (Record no. 15901)
[ view plain ]
| 000 -LEADER | |
|---|---|
| fixed length control field | 00830cam a2200253 a 4500 |
| 001 - CONTROL NUMBER | |
| control field | ca 24000901 |
| 003 - CONTROL NUMBER IDENTIFIER | |
| control field | DLC |
| 005 - DATE AND TIME OF LATEST TRANSACTION | |
| control field | 20260227111113.0 |
| 008 - FIXED-LENGTH DATA ELEMENTS--GENERAL INFORMATION | |
| fixed length control field | 860205s1924 ksu 000 0deng |
| 010 ## - LIBRARY OF CONGRESS CONTROL NUMBER | |
| LC control number | ca 24000901 |
| 040 ## - CATALOGING SOURCE | |
| Original cataloging agency | DLC |
| Transcribing agency | CarP |
| Modifying agency | DLC |
| 050 10 - LIBRARY OF CONGRESS CALL NUMBER | |
| Classification number | PR1209 |
| Item number | .W4 |
| 050 00 - LIBRARY OF CONGRESS CALL NUMBER | |
| Classification number | Microfilm 35017 PR |
| 051 ## - LIBRARY OF CONGRESS COPY, ISSUE, OFFPRINT STATEMENT | |
| Classification number | AC1 |
| Item number | .L8 no. 501 |
| 100 1# - MAIN ENTRY--PERSONAL NAME | |
| Personal name | Whiting, Bartlett Jere, |
| Dates associated with a name | 1904- |
| 245 10 - TITLE STATEMENT | |
| Title | Poems of Carew, Suckling, Lovelace, and Herbert : |
| Remainder of title | with biographical introductions / |
| Statement of responsibility, etc. | by Bartlett J. Whiting. |
| 260 ## - PUBLICATION, DISTRIBUTION, ETC. | |
| Place of publication, distribution, etc. | Girard, Kan. : |
| Name of publisher, distributor, etc. | Haldeman-Julius Co., |
| Date of publication, distribution, etc. | c1924. |
| 300 ## - PHYSICAL DESCRIPTION | |
| Extent | 64 p. ; |
| Dimensions | 13 cm. |
| 440 #0 - SERIES STATEMENT/ADDED ENTRY--TITLE | |
| Title | Little blue book ; |
| Volume/sequential designation | no. 501 |
| 700 1# - ADDED ENTRY--PERSONAL NAME | |
| Personal name | Carew, Thomas, |
| Dates associated with a name | 1595?-1639. |
| 700 1# - ADDED ENTRY--PERSONAL NAME | |
| Personal name | Suckling, John, |
| Titles and other words associated with a name | Sir, |
| Dates associated with a name | 1609-1642. |
| 700 1# - ADDED ENTRY--PERSONAL NAME | |
| Personal name | Lovelace, Richard, |
| Dates associated with a name | 1618-1658. |
| 700 1# - ADDED ENTRY--PERSONAL NAME | |
| Personal name | Herbert, George, |
| Dates associated with a name | 1593-1633. |
No items available.